[Event "Regionalliga NW 1011"]
[Site "Bayern"]
[Date "2010.10.10"]
[Round "1.8"]
[White "Stumpf, Alexander"]
[Black "Kuespert, Sven"]
[Result "1/2-1/2"]
[WhiteElo "1840"]
[BlackElo "1769"]
[PlyCount "66"]
[EventDate "2010.10.10"]
[EventType "team-tourn"]
[EventRounds "9"]
[EventCountry "GER"]
[SourceTitle "EXT 2012"]
[Source "ChessBase"]
[SourceDate "2011.11.24"]
[SourceVersion "1"]
[SourceVersionDate "2011.11.24"]
[SourceQuality "1"]
[WhiteTeam "Bad Neustadt"]
[BlackTeam "Marktleuthen"]
[WhiteTeamCountry "GER"]
[BlackTeamCountry "GER"]

1. e4 d5 2. exd5 Qxd5 3. Nc3 Qd8 4. d4 Nf6 5. Bd3 e6 6. Nf3 c6 7. 0-0 Bd6 8. Re1 0-0 9. Ne5 Nbd7 10. Bg5 Be7 11. Re3 g6 12. Rh3 Ne8 13. Bh6 Ng7 14. Bxg7 Kxg7 15. Qd2 Bg5 16. Qe2 c5 17. dxc5 Nxc5 18. Nxg6 fxg6 19. Rxh7+ Kg8 20. Bxg6 Qf6 21. Rh3 Qxg6 22. Qe5 Qg7 23. Qxc5 Rf5 24. Qc4 Bd7 25. Ne4 Rc8 26. Qd3 Bc6 27. Nd6 Rd8 28. Nxf5 Rxd3 29. Nxg7 Rxh3 30. gxh3 Kxg7 31. Rd1 Bd5 32. b3 Kf6 33. Rd4 Ke5 1/2-1/2

[Event "Oberfranken-ch U18 0910"]
[Site "Schney"]
[Date "2010.01.05"]
[Round "6"]
[White "Holoubek, Jonas"]
[Black "Kuespert, Sven"]
[Result "1/2-1/2"]
[WhiteElo "1317"]
[BlackElo "1873"]
[PlyCount "72"]
[EventDate "2010.01.03"]
[EventType "swiss"]
[EventRounds "7"]
[EventCountry "GER"]
[SourceTitle "EXT 2015"]
[Source "ChessBase"]
[SourceDate "2014.11.20"]
[SourceVersion "1"]
[SourceVersionDate "2014.11.20"]
[SourceQuality "1"]

1. e4 c6 2. d4 d5 3. e5 Bf5 4. Bd3 Bxd3 5. Qxd3 e6 6. Ne2 Qb6 7. 0-0 c5 8. c3 Nd7 9. f4 cxd4 10. cxd4 Ne7 11. Nbc3 g6 12. Kh1 Bg7 13. Bd2 0-0 14. b3 Rfc8 15. Na4 Qd8 16. Rac1 Rxc1 17. Rxc1 Rc8 18. Rxc8 Qxc8 19. Qc3 Qxc3 20. Naxc3 Nc6 21. Nb1 Bf8 22. a3 Nb6 23. Kg1 Na8 24. b4 Nc7 25. Kf2 f6 26. g4 Kf7 27. g5 fxg5 28. fxg5 Ne7 29. Ng3 Nb5 30. Ke3 h6 31. Kd3 hxg5 32. Bxg5 Nc6 33. Ne2 Be7 34. Be3 Bh4 35. Nec3 Nxc3 36. Nxc3 a6 1/2-1/2

[Event "Regionalliga NW 0809"]
[Site "Bayern"]
[Date "2009.03.29"]
[Round "9.8"]
[White "Kuespert, Sven"]
[Black "Buecker, Florian"]
[Result "1/2-1/2"]
[WhiteElo "1737"]
[BlackElo "1685"]
[PlyCount "97"]
[EventDate "2008.10.05"]
[EventType "team-tourn"]
[EventRounds "9"]
[EventCountry "GER"]
[SourceTitle "EXT 2020"]
[Source "ChessBase"]
[SourceDate "2019.10.17"]
[SourceVersion "1"]
[SourceVersionDate "2019.10.17"]
[SourceQuality "1"]
[WhiteTeam "Marktleuthen"]
[BlackTeam "Bamberg SC II"]
[WhiteTeamCountry "GER"]
[BlackTeamCountry "GER"]

1. c4 e6 2. d4 Nf6 3. Nf3 d5 4. Bg5 Be7 5. Nc3 0-0 6. e3 b6 7. cxd5 Nxd5 8. Nxd5 exd5 9. Bxe7 Qxe7 10. Bd3 Nc6 11. Rc1 Nb4 12. Bb1 Bb7 13. a3 Na6 14. 0-0 c5 15. dxc5 bxc5 16. h4 g6 17. h5 Rfd8 18. Qd3 Qf6 19. hxg6 hxg6 20. b3 d4 21. e4 Nc7 22. Rfe1 Ba6 23. Qd2 Qb6 24. Ba2 Rac8 25. b4 cxb4 26. axb4 Nb5 27. Ne5 Rf8 28. Qh6 Rxc1 29. Rxc1 Nc3 30. Rxc3 dxc3 31. Nxg6 Qf6 32. Qxf8+ Kh7 33. Bb1 Qxg6 34. Qc5 Bb7 35. Qxc3 Bxe4 36. Bxe4 Qxe4 37. Qh3+ Kg6 38. Qg3+ Kf6 39. Qd6+ Kf5 40. Qd7+ Kg6 41. Qd6+ Kg5 42. Qc5+ Kf6 43. Qc3+ Kf5 44. Qd2 Ke5 45. Qb2+ Qd4 46. Qb1 Kd6 47. Qe1 Kd7 48. Qb1 Kc6 49. Qb3 1/2-1/2

[Event "Regionalliga NW 0809"]
[Site "Bayern"]
[Date "2009.01.18"]
[Round "5.8"]
[White "Becker, Thomas4444"]
[Black "Kuespert, Sven"]
[Result "1/2-1/2"]
[WhiteElo "1806"]
[BlackElo "1737"]
[PlyCount "42"]
[EventDate "2008.10.05"]
[EventType "team-tourn"]
[EventRounds "9"]
[EventCountry "GER"]
[SourceTitle "EXT 2020"]
[Source "ChessBase"]
[SourceDate "2019.10.17"]
[SourceVersion "1"]
[SourceVersionDate "2019.10.17"]
[SourceQuality "1"]
[WhiteTeam "Obernau"]
[BlackTeam "Marktleuthen"]
[WhiteTeamCountry "GER"]
[BlackTeamCountry "GER"]

1. e4 c6 2. d4 d5 3. Nc3 dxe4 4. Nxe4 Nd7 5. Nf3 Ngf6 6. Ng3 e6 7. Bf4 Be7 8. Bd3 0-0 9. 0-0 b6 10. Ne5 Bb7 11. Re1 c5 12. Nxd7 Qxd7 13. dxc5 Bxc5 14. Ne4 Nxe4 15. Bxe4 Qxd1 16. Raxd1 Bxe4 17. Rxe4 Rfd8 18. Ree1 Rac8 19. c3 b5 20. Kf1 Kf8 21. Ke2 a6 1/2-1/2

[Event "Regionalliga NW 0809"]
[Site "Bayern"]
[Date "2008.10.05"]
[Round "1.8"]
[White "Reitz, Helmut"]
[Black "Kuespert, Sven"]
[Result "1-0"]
[WhiteElo "1859"]
[BlackElo "1681"]
[PlyCount "119"]
[EventDate "2008.10.05"]
[EventType "team-tourn"]
[EventRounds "9"]
[EventCountry "GER"]
[SourceTitle "EXT 2020"]
[Source "ChessBase"]
[SourceDate "2019.10.17"]
[SourceVersion "1"]
[SourceVersionDate "2019.10.17"]
[SourceQuality "1"]
[WhiteTeam "Wuerzburg II"]
[BlackTeam "Marktleuthen"]
[WhiteTeamCountry "GER"]
[BlackTeamCountry "GER"]

1. d4 d5 2. Nf3 Bg4 3. e3 e6 4. Nbd2 Bd6 5. e4 dxe4 6. Nxe4 Ne7 7. Bg5 Nbc6 8. c3 f5 9. Nxd6+ Qxd6 10. Be2 h6 11. Bxe7 Qxe7 12. Qb3 0-0-0 13. 0-0-0 Qf6 14. Rhe1 Rd6 15. Nd2 Bxe2 16. Rxe2 Re8 17. Nc4 Rd5 18. Ne3 Rdd8 19. Kb1 f4 20. Nc4 f3 21. gxf3 Qxf3 22. Rde1 Qh5 23. f4 Qf5+ 24. Re4 Qh3 25. Qc2 g5 26. R4e3 Qh5 27. fxg5 Qxg5 28. Rxe6 Rxe6 29. Rxe6 Qg1+ 30. Qc1 Qf2 31. Re1 Qxh2 32. Rh1 Qe2 33. b3 Rh8 34. Rxh6 Qe4+ 35. Kb2 Qe2+ 36. Ka3 Rxh6 37. Qxh6 Qe7+ 38. Kb2 Qe2+ 39. Ka3 Qe7+ 40. Kb2 Qe2+ 41. Qd2 Qe7 42. Qd3 Qf6 43. Qh3+ Kd8 44. Qg2 Kc8 45. Nd2 a6 46. Ne4 Qf5 47. Nc5 Qf7 48. d5 Ne5 49. Qh3+ Nd7 50. Ne6 Kb8 51. Qh8+ Ka7 52. Qd8 Qf2+ 53. Ka3 Nb6 54. d6 cxd6 55. Qxd6 Qe1 56. Nc5 Qxc3 57. Qxb6+ Kxb6 58. Na4+ Ka5 59. Nxc3 b6 60. b4# 1-0